Concepto y desarrollo de la nueva educación (Record no. 10640)

MARC details
000 -CABECERA
campo de control de longitud fija 00912nam a2200289 a 4500
003 - IDENTIFICADOR DEL NÚMERO DE CONTROL
campo de control UPN
005 - FECHA Y HORA DE LA ÚLTIMA TRANSACCIÓN
campo de control 20250116063828.0
008 - ELEMENTOS DE LONGITUD FIJA--INFORMACIÓN GENERAL
campo de control de longitud fija 991125s1935 sp fr 001 0 spa d
035 ## - NÚMERO DE CONTROL DEL SISTEMA
Número de control de sistema UPN01000010640
040 ## - FUENTE DE LA CATALOGACIÓN
Centro catalogador/agencia de origen MX-MxUPN
Lengua de catalogación spa
Centro/agencia transcriptor MX-MxUPN
041 ## - CÓDIGO DE IDIOMA
Código de lengua del texto/banda sonora o título independiente spa
050 #4 - SIGNATURA TOPOGRÁFICA DE LA BIBLIOTECA DEL CONGRESO
Número de clasificación LB1025
Número de documento/Ítem L8.2 1935
100 1# - ASIENTO PRINCIPAL--NOMBRE PERSONAL
Nombre de persona Luzuriaga, Lorenzo,
Fechas asociadas al nombre 1889-1959
9 (RLIN) 30333
245 10 - MENCIÓN DE TÍTULO
Título Concepto y desarrollo de la nueva educación
250 ## - MENCIÓN DE EDICIÓN
Mención de edición Tercera edición
260 ## - PUBLICACIÓN, DISTRIBUCIÓN, ETC.
Lugar de publicación, distribución, etc. Madrid :
Nombre del editor, distribuidor, etc. Publicaciones de la Revista de Pedagogía,
Fecha de publicación, distribución, etc. 1935.
300 ## - DESCRIPCIÓN FÍSICA
Extensión 109 páginas
490 ## - MENCIÓN DE SERIE
Mención de serie La nueva educación ;
Designación de volumen o secuencia I
504 ## - NOTA DE BIBLIOGRAFÍA, ETC.
Nota de bibliografía, etc. Incluye bibliografía
650 #4 - ASIENTO SECUNDARIO DE MATERIA - TERMINO TEMATICO
Término de materia o nombre geográfico como elemento de entrada Educación
9 (RLIN) 682
650 #4 - ASIENTO SECUNDARIO DE MATERIA - TERMINO TEMATICO
Término de materia o nombre geográfico como elemento de entrada Enseñanza
9 (RLIN) 6215
710 2# - ASIENTO SECUNDARIO - NOMBRE CORPORATIVO
Nombre de entidad corporativa o nombre de jurisdicción como elemento de entrada Instituto Nacional de Pedagogía (México)
Término indicativo de función/relación propietario anterior
9 (RLIN) 28088
775 0# - ENTRADA/ENLACE A OTRA EDICIÓN
Título Concepto y desarrollo de la nueva educación
902 ## - ELEMENTOS DE DATOS B LOCAL, LDB (RLIN)
Modificó MaríaRobles/240424
905 ## - TIPO DE MATERIAL
Tipo de material Libro
942 ## - ELEMENTOS DE PUNTO DE ACCESO ADICIONAL (KOHA)
Fuente del sistema de clasificación o colocación Library of Congress Classification
Tipo de ítem Koha Libro
Suprimir en OPAC No
Holdings
Estado de retiro Estado de pérdida Fuente del sistema de clasificación o colocación Estado dañado No para préstamo Código de colección Localización permanente Ubicación/localización actual Ubicación en estantería Fecha de adquisición Total de préstamos Clasificación Código de barras Fecha visto por última vez Precio válido a partir de Tipo de ítem Koha Nota pública
    Library of Congress Classification   Disponible (Previa cita) Fondo Reservado de libros Bib. Gregorio Torres Quintero Bib. Gregorio Torres Quintero Sala de Fondos Reservados Planta alta 20/09/2022   LB1025 L8.2 1935 14648 24/04/2024 20/09/2022 Libro Ejemplar con sello del Instituto Nacional de Pedagogía.